[Event "2nd Easter 4NCL Congress"]
[Site "Daventry"]
[Date "2022.04.15"]
[Round "1"]
[Board "25"]
[White "Horspool, Philip J"]
[Black "Chen, Daniel Xingyu"]
[Result "1/2-1/2"]
[WhiteElo "2079"]
[BlackElo "1831"]
[PlyCount "0"]
[EventDate "2022.04.15"]
[EventRounds "7"]
[EventCountry "ENG"]

1. e4 {[%clk 01:30:58]} c5 {[%clk 01:30:55]} {[%emt 00:00:05]} 2. Nc3 {[%clk
01:31:21]} {[%emt 00:00:07]} Nc6 {[%clk 01:31:16]} {[%emt 00:00:09]} 3. Bb5
{[%clk 01:31:36]} {[%emt 00:00:15]} Nd4 {[%clk 01:30:04]} {[%emt 00:01:42]} 4.
Bc4 {[%clk 01:32:00]} {[%emt 00:00:05]} g6 {[%clk 01:29:12]} {[%emt 00:01:23]}
5. Nf3 {[%clk 01:31:56]} {[%emt 00:00:34]} Bg7 {[%clk 01:29:06]} {[%emt
00:00:36]} 6. Nxd4 {[%clk 01:31:25]} {[%emt 00:01:01]} cxd4 {[%clk 01:29:07]}
{[%emt 00:00:28]} 7. Qf3 {[%clk 01:31:31]} {[%emt 00:00:24]} e6 {[%clk
01:16:47]} {[%emt 00:12:51]} 8. Nb5 {[%clk 01:31:16]} {[%emt 00:00:46]} Be5
{[%clk 01:02:00]} {[%emt 00:15:16]} 9. c3 {[%clk 01:10:55]} {[%emt 00:20:51]}
dxc3 {[%clk 01:01:09]} {[%emt 00:01:21]} 10. dxc3 {[%clk 01:00:39]} {[%emt
00:10:46]} a6 {[%clk 00:59:42]} {[%emt 00:01:57]} 11. Na3 {[%clk 00:59:27]}
{[%emt 00:01:42]} Bg7 {[%clk 00:52:21]} {[%emt 00:07:50]} 12. O-O {[%clk
00:57:47]} {[%emt 00:02:10]} Ne7 {[%clk 00:48:48]} {[%emt 00:04:04]} 13. Bg5
{[%clk 00:52:43]} {[%emt 00:05:34]} b5 {[%clk 00:45:08]} {[%emt 00:04:10]} 14.
Bb3 {[%clk 00:47:30]} {[%emt 00:05:43]} Bb7 {[%clk 00:44:50]} {[%emt 00:00:48]}
15. Rad1 {[%clk 00:46:11]} {[%emt 00:01:49]} O-O {[%clk 00:40:25]} {[%emt
00:04:55]} 16. Rfe1 {[%clk 00:42:20]} {[%emt 00:04:21]} Re8 {[%clk 00:36:14]}
{[%emt 00:04:41]} 17. Qd3 {[%clk 00:38:30]} {[%emt 00:04:20]} Bc6 {[%clk
00:35:07]} {[%emt 00:01:37]} 18. Nc2 {[%clk 00:32:44]} {[%emt 00:06:16]} Qc7
{[%clk 00:32:19]} {[%emt 00:03:18]} 19. Nd4 {[%clk 00:27:22]} {[%emt 00:05:52]}
Rad8 {[%clk 00:29:27]} {[%emt 00:03:22]} 20. Bxe7 {[%clk 00:19:29]} {[%emt
00:08:24]} Rxe7 {[%clk 00:29:46]} {[%emt 00:00:11]} 21. Nxc6 {[%clk 00:19:48]}
{[%emt 00:00:11]} Qxc6 {[%clk 00:30:03]} {[%emt 00:00:12]} 22. Qd6 {[%clk
00:19:25]} {[%emt 00:00:53]} Ree8 {[%clk 00:28:57]} {[%emt 00:01:35]} 23. Qxc6
{[%clk 00:14:15]} {[%emt 00:05:41]} dxc6 {[%clk 00:22:24]} {[%emt 00:07:03]} 24.
Kf1 {[%clk 00:14:32]} {[%emt 00:00:13]} Kf8 {[%clk 00:22:06]} {[%emt 00:00:48]}
25. Rxd8 {[%clk 00:11:05]} {[%emt 00:03:57]} Rxd8 {[%clk 00:22:28]} {[%emt
00:00:07]} 26. Rd1 {[%clk 00:11:26]} {[%emt 00:00:09]} Rxd1+ {[%clk 00:22:48]}
{[%emt 00:00:10]} 27. Bxd1 {[%clk 00:11:55]} {[%emt 00:00:02]} Ke7 {[%clk
00:22:48]} {[%emt 00:00:30]} 28. Ke2 {[%clk 00:12:13]} {[%emt 00:00:12]} Kd6
{[%clk 00:22:55]} {[%emt 00:00:23]} 29. Kd3 {[%clk 00:12:11]} {[%emt 00:00:31]}
c5 {[%clk 00:22:40]} {[%emt 00:00:45]}  1/2-1/2

[Event "2nd Easter 4NCL Congress"]
[Site "Daventry"]
[Date "2022.04.16"]
[Round "2"]
[Board "1"]
[White "Wilks, Simon"]
[Black "Hebden, Mark L"]
[Result "0-1"]
[WhiteElo "2161"]
[BlackElo "2532"]
[PlyCount "0"]
[EventDate "2022.04.15"]
[EventRounds "7"]
[EventCountry "ENG"]

1. e4 {[%clk 01:30:58]} {[%emt 00:00:02]} e5 {[%clk 01:30:28]} {[%emt
00:00:32]} 2. Nf3 {[%clk 01:31:21]} {[%emt 00:00:08]} Nc6 {[%clk 01:30:49]}
{[%emt 00:00:09]} 3. Bb5 {[%clk 01:31:37]} {[%emt 00:00:14]} a6 {[%clk
01:31:10]} {[%emt 00:00:08]} 4. Ba4 {[%clk 01:32:00]} {[%emt 00:00:07]} Nf6
{[%clk 01:31:30]} {[%emt 00:00:10]} 5. O-O {[%clk 01:31:57]} {[%emt 00:00:34]}
Be7 {[%clk 01:31:37]} {[%emt 00:00:22]} 6. Re1 {[%clk 01:31:57]} {[%emt
00:00:31]} b5 {[%clk 01:31:59]} {[%emt 00:00:07]} 7. Bb3 {[%clk 01:32:22]}
{[%emt 00:00:05]} O-O {[%clk 01:32:21]} {[%emt 00:00:08]} 8. h3 {[%clk
01:31:26]} {[%emt 00:01:27]} Bb7 {[%clk 01:31:37]} {[%emt 00:01:13]} 9. d3
{[%clk 01:30:49]} {[%emt 00:01:08]} d6 {[%clk 01:31:53]} {[%emt 00:00:13]} 10.
a3 {[%clk 01:30:34]} {[%emt 00:00:46]} Qd7 {[%clk 01:29:07]} {[%emt 00:03:15]}
11. Nbd2 {[%clk 01:27:36]} {[%emt 00:03:28]} Rfe8 {[%clk 01:27:37]} {[%emt
00:02:00]} 12. Nf1 {[%clk 01:20:00]} {[%emt 00:08:07]} h6 {[%clk 01:26:43]}
{[%emt 00:01:23]} 13. Ne3 {[%clk 01:16:54]} {[%emt 00:03:37]} Nd8 {[%clk
01:25:51]} {[%emt 00:01:21]} 14. Nf5 {[%clk 00:44:20]} {[%emt 00:33:05]} Bf8
{[%clk 01:23:53]} {[%emt 00:02:27]} 15. Nh2 {[%clk 00:41:52]} {[%emt 00:02:59]}
Ne6 {[%clk 01:21:32]} {[%emt 00:02:51]} 16. Ng4 {[%clk 00:40:42]} {[%emt
00:01:40]} Nxg4 {[%clk 01:21:18]} {[%emt 00:00:43]} 17. Qxg4 {[%clk 00:40:03]}
{[%emt 00:01:10]} Kh7 {[%clk 01:20:51]} {[%emt 00:00:57]} 18. Ne3 {[%clk
00:33:32]} {[%emt 00:07:01]} Rad8 {[%clk 01:17:43]} {[%emt 00:03:37]} 19. Bd2
{[%clk 00:31:28]} {[%emt 00:02:35]} Nd4 {[%clk 01:15:48]} {[%emt 00:02:25]} 20.
Ba2 {[%clk 00:29:52]} {[%emt 00:02:07]} Qxg4 {[%clk 01:09:59]} {[%emt
00:06:18]} 21. hxg4 {[%clk 00:30:12]} {[%emt 00:00:10]} Kg8 {[%clk 01:09:44]}
{[%emt 00:00:45]} 22. c3 {[%clk 00:25:45]} {[%emt 00:04:57]} Ne6 {[%clk
01:09:51]} {[%emt 00:00:22]} 23. Rad1 {[%clk 00:23:33]} {[%emt 00:02:42]} Be7
{[%clk 01:05:16]} {[%emt 00:05:05]} 24. b4 {[%clk 00:17:05]} {[%emt 00:06:59]}
Bg5 {[%clk 01:04:41]} {[%emt 00:01:04]} 25. Bxe6 {[%clk 00:08:29]} {[%emt
00:09:08]} Rxe6 {[%clk 01:03:24]} {[%emt 00:01:48]} 26. Nd5 {[%clk 00:04:43]}
{[%emt 00:04:15]} c6 {[%clk 01:01:01]} {[%emt 00:02:52]} 27. Bxg5 {[%clk
00:04:50]} {[%emt 00:00:23]} hxg5 {[%clk 01:01:24]} {[%emt 00:00:07]} 28. Ne3
{[%clk 00:05:15]} {[%emt 00:00:05]} c5 {[%clk 01:00:54]} {[%emt 00:01:00]} 29.
f3 {[%clk 00:04:37]} {[%emt 00:01:08]} Rc8 {[%clk 00:57:41]} {[%emt 00:03:43]}
30. c4 {[%clk 00:04:24]} {[%emt 00:00:43]} Re7 {[%clk 00:56:47]} {[%emt
00:01:24]} 31. Rb1 {[%clk 00:04:11]} {[%emt 00:00:43]} g6 {[%clk 00:54:40]}
{[%emt 00:02:37]} 32. Re2 {[%clk 00:04:04]} {[%emt 00:00:38]} Rec7 {[%clk
00:52:05]} {[%emt 00:03:04]} 33. Reb2 {[%clk 00:04:10]} {[%emt 00:00:25]} Bc6
{[%clk 00:51:37]} {[%emt 00:00:57]} 34. Kf2 {[%clk 00:03:53]} {[%emt 00:00:48]}
Kg7 {[%clk 00:51:39]} {[%emt 00:00:27]} 35. bxc5 {[%clk 00:02:19]} {[%emt
00:02:04]} dxc5 {[%clk 00:51:54]} {[%emt 00:00:15]} 36. Nd5 {[%clk 00:01:57]}
{[%emt 00:00:53]} Rb7 {[%clk 00:51:41]} {[%emt 00:00:43]} 37. a4 {[%clk
00:00:52]} {[%emt 00:01:35]} b4 {[%clk 00:50:56]} {[%emt 00:01:15]} 38. a5
{[%clk 00:01:13]} {[%emt 00:00:09]} Bxd5 {[%clk 00:50:14]} {[%emt 00:01:11]} 39.
exd5 {[%clk 00:01:30]} {[%emt 00:00:13]} f5 {[%clk 00:50:19]} {[%emt 00:00:25]}
40. Re1 {[%clk 00:01:28]} {[%emt 00:00:33]} Kf6 {[%clk 00:49:49]} {[%emt
00:00:59]} 41. Rbe2 {[%clk 00:01:32]} {[%emt 00:00:26]} Re8 {[%clk 00:49:51]}
{[%emt 00:00:27]} 42. Ke3 {[%clk 00:01:08]} {[%emt 00:00:55]} Rh7 {[%clk
00:48:52]} {[%emt 00:01:29]} 43. Kd2 {[%clk 00:01:22]} {[%emt 00:00:16]} Rh2
{[%clk 00:46:10]} {[%emt 00:03:11]} 44. Rb1 {[%clk 00:00:52]} {[%emt 00:01:02]}
Rh4 {[%clk 00:46:02]} {[%emt 00:00:37]} 45. d4 {[%clk 00:00:42]} {[%emt
00:00:40]} fxg4 {[%clk 00:45:24]} {[%emt 00:01:08]} 46. dxc5 {[%clk 00:00:32]}
{[%emt 00:00:41]} gxf3 {[%clk 00:45:38]} {[%emt 00:00:15]} 47. gxf3 {[%clk
00:00:53]} {[%emt 00:00:09]} Rxc4 {[%clk 00:46:00]} {[%emt 00:00:08]} 48. Rc1
{[%clk 00:00:33]} {[%emt 00:00:50]} Rd4+ {[%clk 00:46:12]} {[%emt 00:00:18]} 49.
Ke3 {[%clk 00:01:01]} {[%emt 00:00:03]} Rxd5 {[%clk 00:46:27]} {[%emt
00:00:15]} 50. Rb2 {[%clk 00:01:23]} {[%emt 00:00:08]} Rd4 {[%clk 00:45:26]}
{[%emt 00:01:30]} 51. c6 {[%clk 00:01:22]} {[%emt 00:00:32]} Rc8 {[%clk
00:44:13]} {[%emt 00:01:42]} 52. c7 {[%clk 00:01:26]} {[%emt 00:00:26]} Ke6
{[%clk 00:44:13]} {[%emt 00:00:30]} 53. Rc6+ {[%clk 00:01:34]} {[%emt
00:00:23]} Rd6 {[%clk 00:44:36]} {[%emt 00:00:06]} 54. Rc5 {[%clk 00:01:06]}
{[%emt 00:00:59]} Rd4 {[%clk 00:42:53]} {[%emt 00:02:12]} 55. Rc6+ {[%clk
00:01:20]} {[%emt 00:00:17]} Kf5 {[%clk 00:42:49]} {[%emt 00:00:34]} 56. Rb1
{[%clk 00:00:37]} {[%emt 00:01:13]} g4 {[%clk 00:40:40]} {[%emt 00:02:38]} 57.
Rg1 {[%clk 00:00:39]} {[%emt 00:00:29]} b3 {[%clk 00:40:03]} {[%emt 00:01:06]}
58. fxg4+ {[%clk 00:00:32]} {[%emt 00:00:37]} Rxg4 {[%clk 00:40:18]} {[%emt
00:00:16]} 59. Rf1+ {[%clk 00:00:55]} {[%emt 00:00:07]} Rf4 {[%clk 00:40:29]}
{[%emt 00:00:19]} 60. Rb1 {[%clk 00:01:21]} {[%emt 00:00:04]} Rg4 {[%clk
00:39:27]} {[%emt 00:01:32]} 61. Rf1+ {[%clk 00:01:07]} {[%emt 00:00:44]} Kg5
{[%clk 00:39:46]} {[%emt 00:00:10]} 62. Rc5 {[%clk 00:01:08]} {[%emt 00:00:29]}
Kh6 {[%clk 00:39:13]} {[%emt 00:01:03]} 63. Rb1 {[%clk 00:00:41]} {[%emt
00:00:58]} Rb4 {[%clk 00:38:56]} {[%emt 00:00:46]} 64. Rc6 {[%clk 00:00:46]}
{[%emt 00:00:25]} b2 {[%clk 00:38:23]} {[%emt 00:01:03]} 65. Kd3 {[%clk
00:01:05]} {[%emt 00:00:10]} Kg7 {[%clk 00:36:12]} {[%emt 00:02:42]} 66. Kc2
{[%clk 00:00:38]} {[%emt 00:00:58]} Rb7 {[%emt 00:01:02]}  0-1

[Event "2nd Easter 4NCL Congress"]
[Site "Daventry"]
[Date "2022.04.16"]
[Round "2"]
[Board "2"]
[White "Lentzos, Ioannis"]
[Black "Gormally, Daniel W"]
[Result "0-1"]
[WhiteElo "2152"]
[BlackElo "2496"]
[PlyCount "0"]
[EventDate "2022.04.15"]
[EventRounds "7"]
[EventCountry "ENG"]

1. c4 {[%clk 01:30:57]} {[%emt 00:00:02]} e5 {[%clk 01:30:48]} {[%emt
00:00:12]} 2. Nc3 {[%clk 01:31:21]} {[%emt 00:00:07]} Bb4 {[%clk 01:31:12]}
{[%emt 00:00:06]} 3. Nd5 {[%clk 01:31:43]} {[%emt 00:00:07]} Be7 {[%clk
01:31:36]} {[%emt 00:00:07]} 4. e3 {[%clk 01:27:53]} {[%emt 00:04:20]} Nf6
{[%clk 01:31:49]} {[%emt 00:00:18]} 5. Nxe7 {[%clk 01:27:48]} {[%emt 00:00:34]}
Qxe7 {[%clk 01:32:13]} {[%emt 00:00:06]} 6. Be2 {[%clk 01:28:07]} {[%emt
00:00:11]} O-O {[%clk 01:29:54]} {[%emt 00:02:48]} 7. d3 {[%clk 01:20:22]}
{[%emt 00:08:16]} d5 {[%clk 01:28:52]} {[%emt 00:01:32]} 8. cxd5 {[%clk
01:20:28]} {[%emt 00:00:24]} Nxd5 {[%clk 01:29:17]} {[%emt 00:00:04]} 9. Nf3
{[%clk 01:17:46]} {[%emt 00:03:13]} c5 {[%clk 01:28:31]} {[%emt 00:01:16]} 10.
O-O {[%clk 01:17:11]} {[%emt 00:01:04]} Nc6 {[%clk 01:28:16]} {[%emt 00:00:46]}
11. Qc2 {[%clk 01:11:14]} {[%emt 00:06:27]} Rd8 {[%clk 01:23:42]} {[%emt
00:05:03]} 12. a3 {[%clk 01:11:20]} {[%emt 00:00:25]} Nc7 {[%clk 01:22:32]}
{[%emt 00:01:40]} 13. b3 {[%clk 01:10:47]} {[%emt 00:01:03]} Bf5 {[%clk
01:22:52]} {[%emt 00:00:09]} 14. Bb2 {[%clk 01:09:20]} {[%emt 00:01:58]} Rd7
{[%clk 01:17:41]} {[%emt 00:05:41]} 15. Rac1 {[%clk 01:03:50]} {[%emt
00:06:00]} Na6 {[%clk 01:18:04]} {[%emt 00:00:07]} 16. Qc3 {[%clk 01:01:12]}
{[%emt 00:03:08]} Re8 {[%clk 01:16:16]} {[%emt 00:02:18]} 17. Rfe1 {[%clk
00:59:03]} {[%emt 00:02:39]} Qd8 {[%clk 01:14:32]} {[%emt 00:02:13]} 18. Red1
{[%clk 00:54:41]} {[%emt 00:04:54]} f6 {[%clk 01:12:45]} {[%emt 00:02:16]} 19.
Rd2 {[%clk 00:37:05]} {[%emt 00:18:07]} Kh8 {[%clk 01:06:57]} {[%emt 00:06:17]}
20. Bf1 {[%clk 00:29:08]} {[%emt 00:08:27]} Bg4 {[%clk 01:00:18]} {[%emt
00:07:09]} 21. Rdc2 {[%clk 00:22:59]} {[%emt 00:06:39]} Bf5 {[%clk 00:57:36]}
{[%emt 00:03:11]} 22. Rd2 {[%clk 00:23:19]} {[%emt 00:00:11]} Ne7 {[%clk
00:54:37]} {[%emt 00:03:28]} 23. e4 {[%clk 00:06:15]} {[%emt 00:17:34]} Be6
{[%clk 00:50:23]} {[%emt 00:04:44]} 24. b4 {[%clk 00:06:39]} {[%emt 00:00:07]}
cxb4 {[%clk 00:42:22]} {[%emt 00:08:31]} 25. axb4 {[%clk 00:07:01]} {[%emt
00:00:09]} Qb6 {[%clk 00:41:40]} {[%emt 00:01:11]} 26. d4 {[%clk 00:07:19]}
{[%emt 00:00:12]} Rc7 {[%clk 00:41:36]} {[%emt 00:00:34]} 27. Qa3 {[%clk
00:07:43]} {[%emt 00:00:06]} Rxc1 {[%clk 00:41:42]} {[%emt 00:00:23]} 28. Bxc1
{[%clk 00:08:12]} {[%emt 00:00:02]} exd4 {[%clk 00:41:35]} {[%emt 00:00:36]} 29.
Nxd4 {[%clk 00:06:55]} {[%emt 00:01:48]} Bg8 {[%clk 00:41:26]} {[%emt
00:00:38]} 30. Bxa6 {[%clk 00:06:40]} {[%emt 00:00:47]} bxa6 {[%clk 00:41:51]}
{[%emt 00:00:04]} 31. Qa5 {[%emt 00:00:39]} Nd5 {[%clk 00:39:12]} {[%emt
00:03:07]} 32. f3 {[%clk 00:01:00]} {[%emt 00:06:02]} Nxb4 {[%clk 00:39:06]}
{[%emt 00:00:37]} 33. Qxb6 {[%clk 00:00:52]} {[%emt 00:00:39]} axb6 {[%clk
00:39:31]} {[%emt 00:00:04]} 34. Ba3 {[%clk 00:01:19]} {[%emt 00:00:03]} Na2
{[%clk 00:39:30]} {[%emt 00:00:32]} 35. Nf5 {[%clk 00:01:07]} {[%emt 00:00:41]}
b5 {[%clk 00:39:40]} {[%emt 00:00:19]} 36. Rd7 {[%clk 00:01:13]} {[%emt
00:00:25]} Be6 {[%clk 00:38:26]} {[%emt 00:01:44]} 37. Ra7 {[%clk 00:01:34]}
{[%emt 00:00:10]} Bxf5 {[%clk 00:35:39]} {[%emt 00:03:16]} 38. exf5 {[%clk
00:02:01]} {[%emt 00:00:02]} b4 {[%clk 00:32:33]} {[%emt 00:03:37]} 39. Bb2
{[%clk 00:02:30]} {[%emt 00:00:01]} Nc3 {[%clk 00:31:57]} {[%emt 00:01:04]} 40.
Bxc3 {[%clk 00:01:51]} {[%emt 00:01:11]} bxc3 {[%clk 00:32:22]} {[%emt
00:00:04]} 41. Rc7 {[%clk 00:02:17]} {[%emt 00:00:05]} h5 {[%clk 00:32:32]}
{[%emt 00:00:19]} 42. Rxc3 {[%clk 00:02:40]} {[%emt 00:00:08]} a5 {[%clk
00:32:20]} {[%emt 00:00:42]} 43. Kf2 {[%clk 00:01:28]} {[%emt 00:01:42]} Kg8
{[%clk 00:32:23]} {[%emt 00:00:26]} 44. Rc7 {[%clk 00:01:09]} {[%emt 00:00:50]}
Ra8 {[%clk 00:32:14]} {[%emt 00:00:39]} 45. Rc3 {[%clk 00:01:09]} {[%emt
00:00:31]} a4 {[%emt 00:00:17]} 46. Ra3 {[%clk 00:01:35]} Kf7 {[%clk 00:32:56]}
{[%emt 00:00:04]} 47. Ke3 {[%clk 00:01:07]} {[%emt 00:00:58]} Ke7 {[%clk
00:33:21]} {[%emt 00:00:04]} 48. Kd4 {[%clk 00:01:29]} {[%emt 00:00:08]} Kd6
{[%clk 00:33:47]} {[%emt 00:00:04]} 49. h4 {[%clk 00:01:49]} {[%emt 00:00:12]}
Kc6 {[%clk 00:31:24]} {[%emt 00:02:52]} 50. Kc4 {[%clk 00:01:17]} {[%emt
00:01:02]} Ra7 {[%clk 00:30:45]} {[%emt 00:01:09]} 51. g3 {[%clk 00:00:48]}
{[%emt 00:01:00]} Ra8 {[%clk 00:30:23]} {[%emt 00:00:52]} 52. Kb4 {[%clk
00:00:40]} {[%emt 00:00:38]} Kd5 {[%clk 00:30:11]} {[%emt 00:00:41]} 53. Rd3+
{[%clk 00:00:39]} {[%emt 00:00:31]} Ke5 {[%clk 00:30:34]} {[%emt 00:00:07]} 54.
Ka3 {[%clk 00:00:46]} {[%emt 00:00:24]} Kxf5 {[%clk 00:30:25]} {[%emt
00:00:37]} 55. Rd5+ {[%clk 00:01:10]} {[%emt 00:00:07]} Ke6 {[%clk 00:30:05]}
{[%emt 00:00:50]} 56. Rxh5 {[%clk 00:01:21]} {[%emt 00:00:19]} Rd8 {[%clk
00:30:25]} {[%emt 00:00:09]} 57. g4 {[%clk 00:00:56]} {[%emt 00:00:56]} Rd3+
{[%clk 00:30:42]} {[%emt 00:00:12]} 58. Kxa4 {[%clk 00:01:20]} {[%emt
00:00:09]} Rxf3 {[%clk 00:31:08]} {[%emt 00:00:03]} 59. Kb5 {[%clk 00:01:20]}
{[%emt 00:00:30]} Rf4 {[%clk 00:27:17]} {[%emt 00:04:21]} 60. g5 {[%clk
00:01:12]} {[%emt 00:00:39]} fxg5 {[%clk 00:27:27]} {[%emt 00:00:19]} 61. hxg5
{[%clk 00:01:39]} {[%emt 00:00:02]} Kf5 {[%clk 00:27:47]} {[%emt 00:00:10]} 62.
Kc5 {[%clk 00:01:35]} {[%emt 00:00:35]} Kg6 {[%clk 00:28:12]} {[%emt 00:00:04]}
63. Rh1 {[%clk 00:01:57]} {[%emt 00:00:09]} Kxg5 {[%clk 00:28:38]} {[%emt
00:00:05]} 64. Kd5 {[%clk 00:02:08]} {[%emt 00:00:19]} Kf5 {[%clk 00:29:02]}
{[%emt 00:00:05]} 65. Rh8 {[%clk 00:00:35]} {[%emt 00:02:04]} g5 {[%clk
00:29:25]} {[%emt 00:00:06]} 66. Rh1 {[%clk 00:00:31]} {[%emt 00:00:34]} Rf3
{[%clk 00:28:06]} {[%emt 00:01:49]} 67. Rg1 {[%clk 00:00:31]} {[%emt 00:00:30]}
Kf4 {[%clk 00:28:14]} {[%emt 00:00:21]} 68. Rh1 {[%clk 00:00:43]} {[%emt
00:00:19]} g4 {[%clk 00:27:24]} {[%emt 00:01:19]} 69. Rh8 {[%clk 00:00:54]}
{[%emt 00:00:20]} g3 {[%clk 00:25:40]} {[%emt 00:02:14]} 70. Rf8+ {[%clk
00:00:33]} {[%emt 00:00:51]} Ke3 {[%clk 00:26:00]} {[%emt 00:00:09]} 71. Rg8
{[%clk 00:00:39]} {[%emt 00:00:24]} Kf2 {[%clk 00:26:08]} {[%emt 00:00:22]} 72.
Ke4 {[%clk 00:00:53]} {[%emt 00:00:17]} g2 {[%clk 00:26:14]} {[%emt 00:00:23]}
 0-1

[Event "2nd Easter 4NCL Congress"]
[Site "Daventry"]
[Date "2022.04.16"]
[Round "2"]
[Board "3"]
[White "Arkell, Keith C"]
[Black "Finn, Peter"]
[Result "1-0"]
[WhiteElo "2462"]
[BlackElo "2177"]
[PlyCount "0"]
[EventDate "2022.04.15"]
[EventRounds "7"]
[EventCountry "ENG"]

1. c4 {[%clk 01:24:25]} {[%emt 00:06:34]} Nf6 {[%clk 01:30:54]} {[%emt
00:00:06]} 2. Nc3 {[%clk 01:24:52]} {[%emt 00:00:03]} e6 {[%clk 01:31:19]}
{[%emt 00:00:05]} 3. d4 {[%clk 01:25:18]} {[%emt 00:00:04]} d5 {[%clk
01:31:32]} {[%emt 00:00:17]} 4. cxd5 {[%clk 01:25:44]} {[%emt 00:00:04]} exd5
{[%clk 01:31:50]} {[%emt 00:00:12]} 5. Bg5 {[%clk 01:25:57]} {[%emt 00:00:17]}
Be7 {[%clk 01:31:56]} {[%emt 00:00:24]} 6. e3 {[%clk 01:26:13]} {[%emt
00:00:14]} Bf5 {[%clk 01:31:49]} {[%emt 00:00:37]} 7. Bxf6 {[%clk 01:26:33]}
{[%emt 00:00:10]} Bxf6 {[%clk 01:32:07]} {[%emt 00:00:12]} 8. Qb3 {[%clk
01:25:00]} {[%emt 00:02:03]} Nd7 {[%clk 01:11:17]} {[%emt 00:21:20]} 9. Nxd5
{[%clk 01:24:38]} {[%emt 00:00:52]} O-O {[%clk 01:10:01]} {[%emt 00:01:47]} 10.
Nf3 {[%clk 01:21:22]} {[%emt 00:03:46]} c5 {[%clk 01:06:35]} {[%emt 00:03:56]}
11. Nxf6+ {[%clk 01:21:30]} {[%emt 00:00:22]} Nxf6 {[%clk 01:05:13]} {[%emt
00:01:52]} 12. Be2 {[%clk 01:18:25]} {[%emt 00:03:35]} cxd4 {[%clk 00:49:17]}
{[%emt 00:16:26]} 13. Nxd4 {[%clk 01:17:47]} {[%emt 00:01:08]} Qa5+ {[%clk
00:49:05]} {[%emt 00:00:42]} 14. Qc3 {[%clk 01:18:02]} {[%emt 00:00:15]} Qxc3+
{[%clk 00:49:11]} {[%emt 00:00:24]} 15. bxc3 {[%clk 01:18:27]} {[%emt
00:00:05]} Bg6 {[%clk 00:47:55]} {[%emt 00:01:46]} 16. f3 {[%clk 01:14:02]}
{[%emt 00:04:55]} Nd5 {[%clk 00:42:01]} {[%emt 00:06:24]} 17. Kd2 {[%clk
01:14:26]} {[%emt 00:00:06]} Rac8 {[%clk 00:41:37]} {[%emt 00:00:54]} 18. Rhc1
{[%clk 01:11:41]} {[%emt 00:03:14]} Rfd8 {[%clk 00:41:12]} {[%emt 00:00:56]} 19.
a4 {[%clk 01:10:27]} {[%emt 00:01:44]} Rc7 {[%clk 00:26:02]} {[%emt 00:15:41]}
20. a5 {[%clk 01:05:52]} {[%emt 00:05:05]} Rcd7 {[%clk 00:15:55]} {[%emt
00:10:36]} 21. Ra4 {[%clk 01:04:55]} {[%emt 00:01:26]} f5 {[%clk 00:14:18]}
{[%emt 00:02:08]} 22. Bc4 {[%clk 01:02:32]} {[%emt 00:02:53]} Bf7 {[%clk
00:12:44]} {[%emt 00:02:04]} 23. Bxd5 {[%clk 01:02:27]} {[%emt 00:00:35]} Bxd5
{[%clk 00:12:51]} {[%emt 00:00:23]} 24. Ke2 {[%clk 00:59:52]} {[%emt 00:03:04]}
g6 {[%clk 00:12:10]} {[%emt 00:01:12]} 25. c4 {[%clk 00:55:54]} {[%emt
00:04:28]} Bc6 {[%clk 00:04:47]} {[%emt 00:07:53]} 26. Ra2 {[%clk 00:55:19]}
{[%emt 00:01:05]} Re8 {[%clk 00:04:07]} {[%emt 00:01:10]} 27. Nxc6 {[%clk
00:53:22]} {[%emt 00:02:27]} bxc6 {[%clk 00:04:32]} {[%emt 00:00:04]} 28. Rb1
{[%clk 00:52:57]} {[%emt 00:00:55]} f4 {[%clk 00:03:16]} {[%emt 00:01:47]} 29.
e4 {[%clk 00:53:18]} {[%emt 00:00:09]} Re5 {[%clk 00:02:14]} {[%emt 00:01:32]}
30. a6 {[%clk 00:53:05]} {[%emt 00:00:43]} Ree7 {[%clk 00:00:34]} {[%emt
00:02:11]} 31. Rd2 {[%clk 00:52:52]} {[%emt 00:00:41]} Rxd2+ {[%clk 00:00:32]}
32. Kxd2 {[%clk 00:53:17]} {[%emt 00:00:38]} Re5 {[%clk 00:00:36]} {[%emt
00:00:27]} 33. Rb7 {[%clk 00:53:21]} {[%emt 00:00:25]} Ra5 {[%clk 00:00:32]}
{[%emt 00:00:34]} 34. Rxa7 {[%clk 00:53:44]} {[%emt 00:00:07]} Ra2+ {[%clk
00:00:32]} {[%emt 00:00:31]} 35. Kc3 {[%clk 00:54:01]} {[%emt 00:00:12]} Rxg2
{[%clk 00:00:45]} {[%emt 00:00:16]} 36. Rb7 {[%clk 00:54:13]} {[%emt 00:00:18]}
 1-0